is, ea, id - Statistiken

Allgemein
  • Dieses Quiz wurde 67 mal gespielt
  • Das Durchschnittsergebnis liegt bei 22 aus 30
Antwortstatistiken
Hint Antwort % Korrekt
Nom. Sg. f ea
100%
Nom. is
100%
Nom. Sg. n id
97%
Dat. Sg. f ei
85%
Akk. Sg. f eam
82%
Dat. ei
82%
Gen. eius
82%
Gen. Sg. f eius
82%
Akk. eum
82%
Dat. Sg. n ei
79%
Gen. Sg. n eius
79%
Akk. Sg. n id
79%
Abl. Sg. f ea
70%
Abl. eo
70%
Nom. Pl. m ii (ei)
70%
Akk. Pl. f eas
67%
Dat. Pl. m eis (iis)
67%
Abl. Sg. n eo
67%
Gen. Pl. m eorum
67%
Akk. Pl. m eos
67%
Nom. Pl. f eae
64%
Gen. Pl. f earum
64%
Abl. Pl. m eis (iis)
64%
Dat. Pl. f eis (iis)
64%
Dat. Pl. n eis (iis)
64%
Gen. Pl. n eorum
64%
Abl. Pl. f eis (iis)
61%
Abl. Pl. n eis (iis)
61%
Nom. Pl. n ea
58%
Akk. Pl. n ea
55%
Keine übereinstimmenden Quizze gefunden
Verteilung der Resultate
Anzahl Personen mit jedem Resultat
Perzentil nach korrekt beantworteten Fragen
Ihre Resultats-Entwicklung
Sie haben dieses Quiz noch nicht gespielt